000 00774nam a22002537a 4500
999 _c374051
_d374051
001 87753
003 UA-OsUOA
005 20200514172430.0
007 ta
008 20120921b un ||||| |||| 00| 0 ukr d
020 _a569001809
040 _aUA-OsUOA
_bukr
_cUA-OsUOA
_dUA-OsUOA
041 _aukr
080 _a159.922.6(075)
090 _a159.922.6(075)
_bР-59
100 _aРогов Е. И.
245 _aНастольная книга практического психолога: система работы с детьми разного возраста
_bучеб. пособие
_nкн.1
246 3 1 _nкн. 1
260 _aМ.
_bВЛАДОС
_c2001
300 _a384 с.
650 7 _a159.9 Психологія
_2UDC
942 _cBK
_2udc
955 _a2